Kültür ve iletişim (Record no. 2575)

MARC details
000 -BAŞLIK
Sabit Uzunlukta Kontrol Alanı 00737na a2200253 4500
001 - KONTROL NUMARASI
Denetim Alanı 23049
003 - KONTROL NUMARASI IDENTIFIER
Denetim Alanı MIRAKIL
005 - SON İŞLEM TARİHİ VE ZAMANI
Denetim Alanı 20181213154902.0
008 - SABİT-BOY VERİ ELEMANLARI - GENEL BİLGİLER
Sabit Uzunlukta Kontrol Alanı 170516b tu 000 0
040 ## - KATALOGLAMA KAYNAK
Orijinal Kataloglama Ajansı Milas
Kataloglama Dili tur
Metne Dönüştürmek Ajansı TR-AnCHP
041 ## - DİL KODU
Metin / Ses Parça Veya Ayrı Başlığın Dil Kodu tur
082 ## - DEWEY ONLU SINIFLANDIRMA NUMARASI
Sınıflandırma Numarası 302.23
Ürün Numarası K65k 1986
090 ## - SINIFLAMA NUMARASI
Sınıflama Numarası 302.23 K65k 1986
100 ## - ANA GİRİŞ - KİŞİSEL İSİM
Kişisel Ad Kongar, Emre
245 ## - BAŞLIK TABLOSU
Başlık Kültür ve iletişim
Başlığın Kalan Kültür üzerine 3
Sorumluluk Tablosu, Vb Emre Kongar
246 ## - UNVAN FORM VARYING
Başlık Doğru / Kısa Başlığı Kültür üzerine 3
260 ## - YAYIN, DAĞITIM, VB
Yayın, Dağıtım, Vb Yeri İstanbul
Yayıncı, Dağıtıcı, Vs Adı Say yayınları
Yayın, Dağıtım, Vb Tarihi 1986
Üretici Firma Doğuş Matbaası
300 ## - FİZİKSEL TANIM
Kapsam 141 s.
Diğer Fiziksel Ayrıntıları fotğ.
Boyutlar 19 sm.
650 ## - KONU KATMA GİRİŞ - TOPİKAL DÖNEM
Topikal Süreli Veya Coğrafi Ad Giriş Elemanı İletişim ve kültür
Genel Alt Bölümü Türkiye
650 ## - KONU KATMA GİRİŞ - TOPİKAL DÖNEM
Topikal Süreli Veya Coğrafi Ad Giriş Elemanı Basın
Genel Alt Bölümü Türkiye
650 ## - KONU KATMA GİRİŞ - TOPİKAL DÖNEM
Topikal Süreli Veya Coğrafi Ad Giriş Elemanı Kitle iletişim araçları
Genel Alt Bölümü Türkiye
740 ## - KATMA GİRİŞ - KONTROLSUZ İLGİLİ / ANALİTİK BAŞLIK
Kontrol Edilmeyen / İlgili Analitik Başlıktaki Kültür üzerine 3
942 ## - EKLENDİ GİRİŞ ELEMANLARI (KOHA)
Sınıflandırma Veya Raf Düzeni Kaynak Dewey Decimal Classification
Koha Öğesi Türü Books
999 ## - SİSTEM KONTROL NUMARALARI (KOHA)
Koha Biblionumber 2575
Koha Biblioitemnumber 2575
Holdings
Kalıcı Konum Mevcut Konum Edinme Tarihi Edinim Kaynak Toplam Check-Out'Lar Tam Çağrı Numarası Barkod Tarih Son Görülme İtibaren Geçerli Fiyatlar Koha Öğesi Türü
CHP Kütüphanesi CHP Kütüphanesi 05/16/2017 Bağış   302.23 K65k 1986 017013 05/16/2017 05/16/2017 Books